| 000 | 00822cam a22002651a 4500 | ||
|---|---|---|---|
| 001 | 3386 | ||
| 003 | BD-RjUL | ||
| 005 | 20211208233725.0 | ||
| 008 | 131219s1938 enk 001 0 eng d | ||
| 035 | _a(BD-RjUL)3420 | ||
| 035 | _a(OCoLC)30750615 | ||
| 040 |
_aDLC _cDGU-L _dDLC _d(BD-RjUL) _beng |
||
| 041 | _aeng | ||
| 082 | 0 | 4 |
_a332.1 _bMEB |
| 100 | 1 |
_aMegrah, Maurice, _d1896- _910642 |
|
| 245 | 1 | 4 |
_aThe banker's customer / _cby Maurice Megrah. |
| 250 | _a2nd ed. | ||
| 260 |
_aLondon : _bButterworth & Co., _c1938. |
||
| 300 |
_axv, 192p. ;[13] _c22 cm. |
||
| 500 | _aReprinted in part from the Banker's magazine, the Journal of the Institute of bankers and the Banker--C.f. Pref. | ||
| 500 | _aIncludes index. | ||
| 650 | 0 |
_aBanking Low _zGreat Britain. _910643 |
|
| 942 |
_2ddc _cBK |
||
| 999 |
_c3386 _d3386 |
||